Football skills: (Record no. 44721)

MARC details
000 -LEADER
fixed length control field 00906nam a22002294a 4500
005 - DATE AND TIME OF LATEST TRANSACTION
control field 2010090901121.0
020 ## - INTERNATIONAL STANDARD BOOK NUMBER
International Standard Book Number 9781848040175
Terms of availability £ 9.99
037 ## - SOURCE OF ACQUISITION
Source of stock number/acquisition Abilash Book Centre
082 00 - DEWEY DECIMAL CLASSIFICATION NUMBER
Classification number 796.332
100 ## - MAIN ENTRY--PERSONAL NAME
Personal name Buxton, Ted
245 10 - TITLE STATEMENT
Title Football skills:
Remainder of title for young players /
Statement of responsibility, etc by Ted Buxton with Alex Leith and Jim Drewitt; foreworded by Gordon Jago
260 ## - PUBLICATION, DISTRIBUTION, ETC. (IMPRINT)
Name of publisher, distributor, etc Grange Books
Date of publication, distribution, etc 2008
Place of publication, distribution, etc Kent
270 ## - ADDRESS
Address 35, Riverside, Sir Thomas Longley Road, Medway City Estate, Rochester
City Kent
300 ## - PHYSICAL DESCRIPTION
Extent 128p.
Other physical details photos
Dimensions 25cm(pbk)
500 ## - GENERAL NOTE
General note Includes glossary and index
700 ## - ADDED ENTRY--PERSONAL NAME
Personal name Alex Leith
9 (RLIN) 19115
700 ## - ADDED ENTRY--PERSONAL NAME
Personal name Drewitt, Jim
9 (RLIN) 19116
700 ## - ADDED ENTRY--PERSONAL NAME
Personal name Gordon Jago
9 (RLIN) 19117
942 ## - ADDED ENTRY ELEMENTS (KOHA)
Source of classification or shelving scheme Dewey Decimal Classification
Item type English Books
Classification part 796.332
Call number suffix BUX
Holdings
Withdrawn status Lost status Not for loan Collection code Home library Current library Date acquired Cost, normal purchase price Full call number Copy number Cost, replacement price Koha item type
    Ordered Non-fiction Andrews Gunj Andrews Gunj 09/09/2010 0.00 796.332 BUX 1 0.00 English Books

© Delhi Public Library
Hit Counter
free hit counter